La teoría del significado
Gardado en:
| Autor Principal: | |
|---|---|
| Formato: | Libro |
| Idioma: | Lingua castelá |
| Publicado: |
Ciudad de México
Fondo de Cultura Económica
1976
|
| Series: | Breviarios
|
| Subjects: | |
| Tags: |
Engadir etiqueta
Sen Etiquetas, Sexa o primeiro en etiquetar este rexistro!
|
MARC
| LEADER | 00000nam a2200000 a 4500 | ||
|---|---|---|---|
| 001 | UCR8971 | ||
| 003 | CL-VaPUC | ||
| 008 | 980605e19760000MX |||||||||||||||||spa|d | ||
| 082 | 0 | 4 | |a 401.43 |b PAR |2 21 |
| 100 | |a Parkinson, G. H. R. |q (George Henry Radcliffe) |e autor |9 411080 | ||
| 245 | 1 | 3 | |a La teoría del significado |
| 300 | |a 275 h | ||
| 942 | |c BK | ||
| 945 | |d 19980605 00:00:00 |a mvenant | ||
| 260 | |a Ciudad de México |b Fondo de Cultura Económica |c 1976 | ||
| 650 | 0 | |a Filosofía del lenguaje |9 257082 | |
| 650 | 0 | |a Comunicación |9 257251 | |
| 650 | 0 | |a Semántica |9 265318 | |
| 583 | |a last modification |c 20121003 12:10:25 |k Rodrigo Vera | ||
| 490 | 0 | |a Breviarios | |
| 999 | |c 270235 |d 270233 | ||
| 952 | |0 0 |1 0 |4 0 |6 401_430000000000000_PAR_1976 |7 0 |8 A |9 304391 |a BIBEDU |b BIBEDU |d 2019-11-20 |i 3430898 |o 401.43 PAR 1976 |p 3430898 |r 2019-11-20 |w 2019-11-20 |y BK |k FIL | ||
| 952 | |0 0 |1 0 |4 0 |6 401_430000000000000_PAR_1976 |7 0 |8 A |9 304392 |a BIBEDU |b BIBEDU |d 2019-11-20 |i 1446118 |o 401.43 PAR 1976 |p 1446118 |r 2019-11-20 |w 2019-11-20 |y BK |k LIT | ||